[Event "IND AICF-ch blind 18th"]
[Site "Odisha"]
[Date "2025.04.02"]
[Round "1"]
[White "Ved, Neeraj Phaur"]
[Black "Shah, Swapanil"]
[Result "1/2-1/2"]
[WhiteElo "1575"]
[BlackElo "1767"]
[PlyCount "51"]
[EventDate "2025.04.02"]
[EventType "swiss"]
[EventRounds "9"]
[EventCountry "IND"]
[SourceTitle "CB15_2025"]
[SourceDate "2025.04.09"]
[SourceVersion "1"]
[SourceVersionDate "2025.04.09"]
[SourceQuality "1"]

1. d4 d5 2. Bf4 Nf6 3. Nf3 e6 4. Nbd2 Bd6 5. Ne5 c5 6. e3 Nc6 7. Bb5 Qc7 8. 0-0 0-0 9. Ndf3 a6 10. Bxc6 bxc6 11. dxc5 Bxe5 12. Bxe5 Qb7 13. Qd4 Ne8 14. Qd2 f6 15. Bc3 e5 16. b4 Nc7 17. Rfb1 Ne6 18. Qe2 Qb5 19. Qxb5 axb5 20. Nd2 Ra4 21. Nb3 Bd7 22. Na5 Ra3 23. Bb2 Ra4 24. Bc3 Ra3 25. Bb2 Ra4 26. Bc3 1/2-1/2

[Event "IBCA World-chT blind 9th"]
[Site "Ohrid"]
[Date "2022.07.04"]
[Round "7.1"]
[White "Kljaic, Kresimir"]
[Black "Shah, Swapanil"]
[Result "0-1"]
[WhiteElo "1543"]
[BlackElo "1652"]
[PlyCount "36"]
[EventDate "2022.06.28"]
[EventType "team-swiss"]
[EventRounds "9"]
[EventCountry "MKD"]
[SourceTitle "EXT 2024"]
[Source "ChessBase"]
[SourceDate "2023.10.10"]
[SourceVersion "1"]
[SourceVersionDate "2023.10.10"]
[SourceQuality "1"]
[WhiteTeam "Croatia"]
[BlackTeam "India"]
[WhiteTeamCountry "CRO"]
[BlackTeamCountry "IND"]

1. e4 e5 2. Nf3 Nc6 3. Bc4 Bc5 4. d3 Nf6 5. Nc3 h6 6. h3 d6 7. Na4 Bb6 8. Nxb6 axb6 9. Bb3 0-0 10. a3 Be6 11. Bxe6 fxe6 12. 0-0 Qe8 13. c3 Nh5 14. Qd2 Nf4 15. b4 Nxh3+ 16. Kh2 Qh5 17. Rh1 Nxf2+ 18. Kg1 Qxh1+ 0-1

[Event "IBCA World-chT blind 9th"]
[Site "Ohrid"]
[Date "2022.07.02"]
[Round "5.2"]
[White "Dyballa, Gerhard"]
[Black "Shah, Swapanil"]
[Result "1-0"]
[WhiteElo "1912"]
[BlackElo "1652"]
[PlyCount "59"]
[EventDate "2022.06.28"]
[EventType "team-swiss"]
[EventRounds "9"]
[EventCountry "MKD"]
[SourceTitle "EXT 2024"]
[Source "ChessBase"]
[SourceDate "2023.10.10"]
[SourceVersion "1"]
[SourceVersionDate "2023.10.10"]
[SourceQuality "1"]
[WhiteTeam "Germany"]
[BlackTeam "India"]
[WhiteTeamCountry "GER"]
[BlackTeamCountry "IND"]

1. c4 c6 2. e4 d5 3. cxd5 cxd5 4. exd5 Qxd5 5. Nc3 Qa5 6. d4 e6 7. Nf3 Nf6 8. Bd3 Nc6 9. 0-0 Be7 10. Bf4 a6 11. Rc1 Qd8 12. a3 Bd6 13. Bxd6 Qxd6 14. Ne4 Nxe4 15. Bxe4 Bd7 16. d5 exd5 17. Bxd5 Kf8 18. Ng5 Be8 19. Re1 Qf6 20. Ne4 Qd8 21. Nc5 Rb8 22. Nxb7 Rxb7 23. Bxc6 Qxd1 24. Rcxd1 Rb8 25. Bxe8 Rxe8 26. Rxe8+ Kxe8 27. Rd6 Ke7 28. Rxa6 Rc8 29. g3 Rc2 30. b4 1-0

[Event "Asian-ch IBCA Visually Challenged"]
[Site "Udupi"]
[Date "2017.03.24"]
[Round "2.1"]
[White "Shah, Swapanil"]
[Black "Husain, Ejaz"]
[Result "0-1"]
[WhiteElo "1705"]
[BlackElo "2010"]
[PlyCount "66"]
[EventDate "2017.03.23"]
[EventType "swiss"]
[EventRounds "8"]
[EventCountry "IND"]
[SourceTitle "EXT 2024"]
[Source "ChessBase"]
[SourceDate "2023.10.10"]
[SourceVersion "1"]
[SourceVersionDate "2023.10.10"]
[SourceQuality "1"]

1. e4 c5 2. Nf3 Nc6 3. d4 cxd4 4. Nxd4 Qb6 5. Nb3 Nf6 6. Bd3 e6 7. Be3 Qc7 8. c4 Ne5 9. Qe2 Nxd3+ 10. Qxd3 b6 11. f3 Ba6 12. N1d2 d5 13. exd5 exd5 14. Rc1 Bb4 15. 0-0 0-0 16. a3 Bd6 17. g3 Rac8 18. Qf5 dxc4 19. Bh6 Qd7 20. Qg5 Ne8 21. Rfe1 f6 22. Qh4 cxb3 23. Be3 Rxc1 24. Rxc1 Qb5 25. Nc4 Bc5 26. Qe4 Bxe3+ 27. Nxe3 Qe5 28. Qxe5 fxe5 29. Ng4 Rxf3 30. Nxe5 Re3 31. Nc6 Re2 32. Nb4 Bb5 33. Rb1 Nd6 0-1